000 00293nam a22001337a 4500
008 170629b xxu||||| |||| 00| 0 eng d
020 _a9780763780432
041 _aeng
080 _a82
100 _a82
101 _aGJL
245 _aTHE RIVERSIDE SHAKESPEARE
_cLEVIN.H
942 _2udc
_cBK
999 _c19627
_d19627